| 000 | 00530nam a2200193Ia 4500 | ||
|---|---|---|---|
| 008 | 180207s9999 xx 000 0 und d | ||
| 020 | _a9780545780551 | ||
| 050 | _bM787 2015 | ||
| 100 | _aMontgomery, Heather L. | ||
| 245 | _aHow rude : | ||
| 245 | _b10 real bugs who don't mind their manners / | ||
| 245 | _cby Heather L. Montgomery ; illustrated by Howard McWilliam. | ||
| 260 | _aNew York : | ||
| 260 | _bScholastic, | ||
| 260 | _c2015 | ||
| 300 | _a32 pages : | ||
| 300 | _bcolor illustration ; | ||
| 300 | _c20cm. | ||
| 999 |
_c355511 _d355511 |
||